Soccer Logos By Letter - R - Statistics

General Stats
  • This quiz has been taken 1,152 times
    312 since last reset
  • The average score is 16 of 21
Answer Stats
Picture Answer % Correct
Real Madrid
99%
Roma
97%
Rangers
96%
RB Leipzig
96%
Real Betis
96%
Real Sociedad
95%
Rayo Vallecano
88%
River Plate
88%
Rennes
85%
Russia
85%
Reading
76%
Racing Club
75%
Reims
73%
Real Oviedo
72%
Romania
71%
Royal Antwerp
69%
Real Zaragoza
64%
Rapid Wien
61%
Rosenborg
58%
Real Salt Lake
55%
Rubin Kazan
32%
No matching quizzes found
Score Distribution
Percent of People with Each Score
Percentile by Number Answered
Your Score History
You have not taken this quiz since the last reset